| 000 | 00785nam a2200253Ia 4500 | ||
|---|---|---|---|
| 003 | OSt | ||
| 005 | 20220926014839.0 | ||
| 006 | a|||||r|||| 00| 0 | ||
| 007 | ta | ||
| 008 | 220923b |||||||| |||| 00| 0 eng d | ||
| 020 | _a0853453837 | ||
| 037 | _cGeneral Book | ||
| 040 |
_aRTL _cRTL _beng |
||
| 041 |
_2eng _aeng |
||
| 082 | _aY5.613.N7, L6 | ||
| 100 |
_aShivji Issa G _9119161 |
||
| 245 | 0 | _aClass struggles in Tanzania | |
| 260 |
_aNew York _bMonthly Review Press _c1976 |
||
| 300 |
_a182p Tablesp36-135, Tables:p149-164, Charts:p35-105 _ccm. |
||
| 500 | _aAppendix: p 149-162; Index:p179-182; Bibliography chapterwise | ||
| 650 |
_aSocial Stratification _9229881 |
||
| 942 |
_hY5.613.N7, L6 _cGB _2CC |
||
| 999 |
_c629997 _d629997 |
||